[Event "TIPC 2012"]
[Site "Charleroi"]
[Date "2012.07.30"]
[Round "4.5"]
[White "Le Quang, Kim"]
[Black "Sarrau, Jelle"]
[Result "0-1"]
[LiveChessVersion "1.4-u16"]
[BlackElo "2306"]
[WhiteElo "2282"]

1. c4  Nf6  2. g3  c6
 3. Bg2  d5  4. Nf3
 dxc4  5. O-O  Nbd7
 6. a4  Nc5  7. Na3
 Be6  8. Qc2  Qd5
 9. Ne1  Qd4  10. e3
 Qg4  11. d4  Nb3
 12. Rb1  Qg6  13. Qe2
 Bd5  14. f3  e5 
15. Nac2  e4  16. fxe4  Nxe4
 17. Nf3  Qh5  18. Qe1
 Bd6  19. Nb4  O-O
 20. Nxd5  cxd5  21. Nd2
 Bb4  22. Bxe4  dxe4
 23. Qf2  Nxd2  24. Bxd2
 Bd6  25. b3  cxb3
 26. Rxb3  b6  27. Rb5
 Qg6  28. a5  bxa5
 29. Rxa5  h5  30. Rfa1
 h4  31. Kg2  Rfc8
 32. R1a2  Rc6  33. d5
 Rb6  34. Rc2  Rb1
 35. Bc1  Qg4  36. Ra6
 h3+  37. Kg1  0-1

[Event "TIPC 2012"]
[Site "Charleroi"]
[Date "2012.07.30"]
[Round "4.6"]
[White "Noiroux, Kevin"]
[Black "Wiley, Tom"]
[Result "1/2-1/2"]
[LiveChessVersion "1.4-u16"]
[BlackElo "2283"]
[WhiteElo "2154"]

1. d4  Nf6  2. Nf3  e6
 3. Bf4  c5  4. c3
 b6  5. e3  Bb7 
6. Nbd2  Ne4  7. Bd3  Nxd2
 8. Qxd2  f5  9. Qe2
 cxd4  10. cxd4  Bb4+
 11. Nd2  O-O  12. f3
 Nc6  13. O-O  Rc8
 14. Nc4  d5  15. Ne5
 Nxe5  16. Bxe5  Bd6
 17. Bxd6  Qxd6  18. f4
 Rc7  19. g4  g6 
20. h4  Rg7  21. Rf2  Bc6
 22. g5  Rc8  23. Rc1
 Rgc7  24. Qd1  Be8
 25. Rfc2  Rxc2  26. Rxc2
 Rxc2  27. Qxc2  Qc6
 28. Qxc6  Bxc6  29. Kf2
 a5  30. Ke1  Kf8
 31. Kd2  Ke7  32. Kc3
 Kd6  33. b4  Kc7
 34. Be2  Be8  35. bxa5
 bxa5  36. Ba6  Bd7
 37. Kb3  Kb6  38. Be2
 Be8  39. a3  Bb5
 40. Bd1  Be8  41. Be2
 1/2-1/2

[Event "TIPC 2012"]
[Site "Charleroi"]
[Date "2012.07.30"]
[Round "4.7"]
[White "Apemiye, Austin"]
[Black "Shchekachev, Andrei"]
[Result "0-1"]
[LiveChessVersion "1.4-u16"]
[BlackElo "2528"]
[WhiteElo "2069"]

1. e4  c5  2. Nf3  e6
 3. g3  Nc6  4. Bg2
 Nf6  5. d3  d5 
6. exd5  exd5  7. O-O  Be7
 8. Re1  O-O  9. c3
 h6  10. Nbd2  Bf5
 11. Nb3  Bd6  12. Be3
 b6  13. d4  c4 
14. Nbd2  Qc7  15. Nf1  b5
 16. Qc1  Rfe8  17. Nh4
 Bd3  18. Bd2  Rxe1
 19. Qxe1  Re8  20. Ne3
 Qd7  21. Qc1  Bf8
 22. Nf3  Be4  23. Nf1
 b4  24. Be3  a5 
25. N1d2  Bd3  26. Ne1  Bf5
 27. Qd1  bxc3  28. bxc3
 Ba3  29. Nxc4  dxc4
 30. Qa4  Rxe3  31. fxe3
 Qe7  32. Bxc6  Qxe3+
 33. Kh1  Bb2  34. Ng2
 Qf2  35. Rg1  Bd3
 36. Qxa5  Kh7  37. Ne1
 Bg6  38. Qb4  Ne4
 39. Qxc4  Bxc3  40. Rf1
 Qe3  41. Qd3  Nxg3+ 0-1

[Event "TIPC 2012"]
[Site "Charleroi"]
[Date "2012.07.30"]
[Round "4.9"]
[White "Sclacmender, Julien"]
[Black "Bikady, Claude"]
[Result "1-0"]
[LiveChessVersion "1.4-u16"]
[BlackElo "1964"]
[WhiteElo "2223"]

1. e4  c5  2. Nc3  Nc6
 3. Nf3  e6  4. d4
 cxd4  5. Nxd4  Nf6
 6. Ndb5  d6  7. Bf4
 e5  8. Bg5  a6 
9. Na3  b5  10. Nd5  Be7
 11. Bxf6  Bxf6  12. c3
 O-O  13. h4  Be6
 14. Nxf6+  gxf6  15. Nc2
 d5  16. exd5  Qxd5
 17. Qxd5  Bxd5  18. Rh3
 Rad8  19. Rg3+  Kh8
 20. Rd3  Be4  21. Rxd8
 Rxd8  22. Ne3  Ne7
 23. a4  Rb8  24. axb5
 axb5  25. Ra7  Nc6
 26. Rxf7  b4  27. f3
 bxc3  28. bxc3  Rb1+
 29. Kf2  Rb2+  30. Kg3
 Bg6  31. Rxf6  1-0

[Event "TIPC 2012"]
[Site "Charleroi"]
[Date "2012.07.30"]
[Round "4.10"]
[White "Vingerhoets, Luc"]
[Black "Schuermans, Robert"]
[Result "1/2-1/2"]
[LiveChessVersion "1.4-u16"]
[BlackElo "2202"]
[WhiteElo "2015"]

1. e4  Nf6  2. e5  Nd5
 3. c4  Nb6  4. c5
 Nd5  5. Bc4  e6 
6. Nc3  Nxc3  7. dxc3  d5
 8. cxd6  cxd6  9. Nf3
 Qc7  10. Qe2  dxe5
 11. Nxe5  Bd6  12. Bb5+
 Nc6  13. Nc4  Be7
 14. Qe5  1/2-1/2

[Event "TIPC 2012"]
[Site "Charleroi"]
[Date "2012.07.30"]
[Round "4.11"]
[White "Grillmaier, Philippe"]
[Black "Mastalerz, Xavier"]
[Result "1/2-1/2"]
[LiveChessVersion "1.4-u16"]
[BlackElo "2144"]
[WhiteElo "1830"]

1. d4 e6 2. c4 Nf6 3. Nc3 Bb4 4. e3 b6 5. Nge2 Bb7 6. a3 Bxc3+ 7. Nxc3 Nc6 8. Bd3
Ne7 9. e4 d6 10. Be3 Ng6 11. f3 O-O 12. Qd2 e5 13. d5 a5 14. g4 Nd7 15. Bg5 f6
16. Be3 Nc5 17. Bc2 Qd7 18. h4 Ne7 19. a4 Na6 20. Ne2 Nb4 21. Ng3 Rac8 22. Bd1
Rf7 23. Nf5 Qe8 24. Rg1 Rb8 25. h5 Bc8 26. h6 g5 27. Ng7 Qd7 28. Ra3 Ng6 29. Rc3
Na2 30. Ra3 Nb4 31. Rc3 Na2 32. Ra3 Nb4 33. Rc3 1/2-1/2

[Event "TIPC 2012"]
[Site "Charleroi"]
[Date "2012.07.30"]
[Round "4.12"]
[White "Boucquet, Emile"]
[Black "Henris, Luc"]
[Result "0-1"]
[LiveChessVersion "1.4-u16"]
[BlackElo "2192"]
[WhiteElo "1933"]

1. e4 e5 2. Nf3 d6 3. d4 exd4 4. Nxd4 Nf6 5. Nc3 Be7 6. Bc4 O-O 7. f3 c6 8. Be3
d5 9. exd5 b5 10. Bb3 b4 11. Ne4 Nxd5 12. Bxd5 Qxd5 13. O-O f5 14. c4 Qe5 15. Nf2
Qxe3 16. Re1 Qg5 17. Nxc6 Nxc6 18. Qd5+ Kh8 19. Qxc6 Rb8 20. Rad1 Bb7 21. Qd7
Bxf3 0-1

[Event "TIPC 2012"]
[Site "Charleroi"]
[Date "2012.07.30"]
[Round "4.13"]
[White "Gorts, Sven"]
[Black "Van Uytven, Eric"]
[Result "0-1"]
[LiveChessVersion "1.4-u16"]
[BlackElo "2151"]
[WhiteElo "1930"]

1. e4 e5 2. f4 exf4 3. Bc4 Nf6 4. Nc3 c6 5. Bb3 d5 6. exd5 cxd5 7. Qe2+ Be7 8.
Nxd5 Nxd5 9. Qb5+ Nc6 10. Qxd5 Qxd5 11. Bxd5 Nd4 12. Kd1 Bg4+ 13. Bf3 Nxf3 14.
Nxf3 O-O-O 15. Re1 Rhe8 16. c3 Bd6 17. d4 g5 18. Bd2 f6 19. a3 Rxe1+ 20. Bxe1 Re8
21. Bf2 Be6 22. Kd2 Bd5 23. Re1 Rxe1 24. Nxe1 Kd7 25. h3 b5 26. b4 Ke6 27. Nf3 a6
28. Ke2 Be4 29. Be1 h6 30. Kf2 Kd5 31. Nd2 Bc2 32. Kf3 h5 33. g4 Bd1+ 34. Kg2
hxg4 35. hxg4 Bxg4 36. Bf2 Bd1 37. c4+ bxc4 38. Nb1 Bc2 39. Nc3+ Ke6 40. d5+ Kd7
41. Bc5 Be5 42. Ne2 Be4+ 43. Kh3 Bxd5 44. Bd4 Bf3 45. Bxe5 fxe5 46. Nc3 e4 47. b5
axb5 48. Nxb5 e3 49. Nd4 Bd1 50. a4 e2 0-1

[Event "TIPC 2012"]
[Site "Charleroi"]
[Date "2012.07.30"]
[Round "4.14"]
[White "De Villers, Mourad"]
[Black "Edwards, Geraint"]
[Result "0-1"]
[LiveChessVersion "1.4-u16"]
[BlackElo "1893"]
[WhiteElo "2137"]

1. c4 d6 2. g3 g6 3. Bg2 Bg7 4. Nc3 c6 5. d4 Nf6 6. Nf3 O-O 7. O-O Qc7 8. e4 Ne8
9. Be3 e5 10. dxe5 dxe5 11. Bc5 Nd7 12. Bxf8 Nxf8 13. h3 Ne6 14. Rc1 Qe7 15. a3
N8c7 16. Qd2 f6 17. Rfd1 Bf8 18. Bf1 Nc5 19. Qc2 b6 20. b4 Nb7 21. b5 c5 22. Bg2
Be6 23. Nd5 Bxd5 24. exd5 Qd6 25. Nd2 f5 26. Nb3 Re8 27. Re1 Bg7 28. Qd2 e4 29.
a4 Nd8 30. a5 Nf7 31. axb6 axb6 32. Rc2 Ne5 33. Re2 Rf8 34. Kh1 h6 35. h4 Ne8 36.
Qc1 Nf6 37. Ra2 Nd3 38. Qf1 g5 39. hxg5 hxg5 40. Ra7 Ng4 41. Bh3 Nge5 42. Rxe4 g4
43. Rxe5 Nxe5 44. Bg2 Qh6+ 45. Kg1 f4 46. Qe1 Re8 47. Qa1 fxg3 48. fxg3 Qe3+ 49.
Kh1 Nf3 50. Bxf3 gxf3 51. d6 Re5 52. g4 Qf2 53. Ra8+ Bf8 0-1

[Event "TIPC 2012"]
[Site "Charleroi"]
[Date "2012.07.30"]
[Round "4.15"]
[White "Watelet, Sylvain"]
[Black "Lafosse, Jimmy"]
[Result "1/2-1/2"]
[LiveChessVersion "1.4-u16"]
[BlackElo "2136"]
[WhiteElo "1901"]

1. e4 d5 2. exd5 Nf6 3. d4 Bg4 4. Bb5+ Nbd7 5. f3 Bf5 6. Nc3 a6 7. Ba4 b5 8. Bb3
Nb6 9. Nge2 Nbxd5 10. O-O e6 11. Nxd5 Nxd5 12. Ng3 Bg6 13. f4 c5 14. c4 Nb6 15.
f5 Bxf5 16. Nxf5 exf5 17. cxb5 c4 18. Bxc4 Be7 1/2-1/2

[Event "TIPC 2012"]
[Site "Charleroi"]
[Date "2012.07.30"]
[Round "4.16"]
[White "Schneider, Hans-Peter"]
[Black "Majewski, Philippe"]
[Result "1-0"]
[LiveChessVersion "1.4-u16"]
[BlackElo "1871"]
[WhiteElo "2130"]

1. e4 d6 2. d4 Nf6 3. Nc3 g6 4. Be3 Bg7 5. f3 c6 6. a4 O-O 7. Bd3 Nbd7 8. Nge2 e5
9. dxe5 dxe5 10. O-O Qc7 11. a5 Rd8 12. Qe1 b6 13. axb6 Nxb6 14. Qf2 Be6 15. Na4
Nfd7 16. Nc5 Nxc5 17. Bxc5 Bf8 18. Bxf8 Kxf8 19. Qc5+ Kg7 20. Ra6 Bc8 21. Ra5 Nd7
22. Qc3 Qb6+ 23. Kh1 f6 24. f4 Re8 25. f5 Bb7 26. Ng3 c5 27. b3 Rec8 28. Bc4 Qb4
29. Qd3 Rc7 30. Rb5 Qa3 31. Qd6 Rac8 32. Qe7+ Kh6 33. fxg6 hxg6 34. Rxb7 Rxb7 35.
Be6 Qa6 36. Bxd7 Rcb8 37. Qe6 Rb6 38. Qh3+ Kg7 39. Bg4 Rh8 40. Bh5 Rxh5 41. Nxh5+
gxh5 42. Qd7+ Kh6 43. Qf5 Qe2 44. h3 h4 45. Rf3 Qxc2 46. Qg4 Qc1+ 47. Kh2 Qg5 48.
Qc8 Qg7 49. Qxc5 Qf7 50. Qf2 Qg6 51. Qxh4+ Qh5 52. Rxf6+ Rxf6 53. Qxf6+ Kh7 54.
Qf5+ 1-0

[Event "TIPC 2012"]
[Site "Charleroi"]
[Date "2012.07.30"]
[Round "4.17"]
[White "Rousseau, Jean-François"]
[Black "Maraite, Grégory"]
[Result "1-0"]
[LiveChessVersion "1.4-u16"]
[BlackElo "2121"]
[WhiteElo "1896"]

1. d4 Nf6 2. Nc3 d5 3. e4 dxe4 4. f3 exf3 5. Nxf3 Bf5 6. Ne5 e6 7. g4 Be4 8. Nxe4
Nxe4 9. h4 Be7 10. g5 Nd7 11. Qf3 Nxe5 12. Qxe4 Qxd4 13. Qxb7 O-O 14. c3 Qg4 15.
Be2 Nd3+ 16. Bxd3 Qg3+ 17. Ke2 Rfd8 18. Qe4 Rxd3 19. Bf4 1-0

[Event "TIPC 2012"]
[Site "Charleroi"]
[Date "2012.07.30"]
[Round "4.18"]
[White "Marchal, Patrice"]
[Black "Van Cappellen, Jonas"]
[Result "1/2-1/2"]
[LiveChessVersion "1.4-u16"]
[BlackElo "2103"]
[WhiteElo "1868"]

1. e4 c5 2. Nf3 e6 3. c3 d5 4. exd5 Qxd5 5. d4 Nf6 6. Be2 Be7 7. O-O O-O 8. h3
Rd8 9. Be3 cxd4 10. cxd4 Nc6 11. Nc3 Qd6 12. Qc2 b6 13. Rfd1 Bb7 14. a3 Rac8 15.
Rac1 Bf8 16. Ne4 Nxe4 17. Qxe4 Qd5 18. Qxd5 Rxd5 19. Bc4 Rdd8 20. Ba2 Ne7 21. Ne5
Nd5 22. Bd2 Be7 23. Rxc8 Rxc8 24. Rc1 Rxc1+ 25. Bxc1 Bf6 26. Bd2 Kf8 27. Nd7+ Ke8
28. Bxd5 Bxd5 29. Nxf6+ gxf6 30. f3 Kd7 31. Kf2 Kc6 32. a4 Bb3 33. a5 b5 34. Bb4
a6 35. Ke3 Kd5 36. f4 Kc4 37. Bc5 Bc2 38. b4 Bd3 39. g3 Bf1 40. h4 f5 41. Bd6
1/2-1/2

[Event "TIPC 2012"]
[Site "Charleroi"]
[Date "2012.07.30"]
[Round "4.19"]
[White "Chung Choong Lon, Marc"]
[Black "Werner, Ivan"]
[Result "0-1"]
[LiveChessVersion "1.4-u16"]
[BlackElo "2057"]
[WhiteElo "1863"]

1. c4 Nf6 2. Nc3 d5 3. cxd5 Nxd5 4. e4 Nxc3 5. dxc3 Qxd1+ 6. Kxd1 e6 7. Be3 Nd7
8. f3 b6 9. Bb5 Bb7 10. Ne2 c6 11. Ba4 O-O-O 12. Kc2 Nc5 13. Bb3 a5 14. Rad1 Be7
15. Nc1 Ba6 16. Rxd8+ Rxd8 17. Rd1 a4 18. Rxd8+ Kxd8 19. Bxc5 axb3+ 0-1

[Event "TIPC 2012"]
[Site "Charleroi"]
[Date "2012.07.31"]
[Round "5.1"]
[White "Sarrau, Jelle"]
[Black "Zubarev, Alexander"]
[Result "0-1"]
[LiveChessVersion "1.4-u16"]
[BlackElo "2596"]
[WhiteElo "2306"]

1. d4  Nf6  2. c4  d6
 3. Nc3  g6  4. e4
 Bg7  5. h3  O-O 
6. Nf3  e5  7. d5  Na6
 8. Bg5  Qe8  9. g4
 Nd7  10. a3  f5 
11. gxf5  gxf5  12. Rg1  Kh8
 13. b4  Nf6  14. Bd3
 c6  15. Qe2  Nc7
 16. Nd2  cxd5  17. cxd5
 Nh5  18. Qe3  Nf4
 19. Nc4  Qg6  20. O-O-O
 b5  21. Nd2  Qf7
 22. Bc2  a5  23. exf5
 axb4  24. axb4  Ncxd5
 25. Nxd5  Nxd5  26. Qb3
 Bxf5  27. Ne4  Bxe4
 28. Bxe4  Rfc8+  29. Bc2
 Ra1+  0-1

[Event "TIPC 2012"]
[Site "Charleroi"]
[Date "2012.07.31"]
[Round "5.2"]
[White "Ringoir, Tanguy"]
[Black "Vandevoort, Pascal"]
[Result "1/2-1/2"]
[LiveChessVersion "1.4-u16"]
[BlackElo "2388"]
[WhiteElo "2427"]

1. d4  Nf6  2. c4  g6
 3. Nc3  Bg7  4. e4
 d6  5. h3  O-O 
6. Be3  Nbd7  7. Nf3  e5
 8. d5  Nc5  9. Qc2
 a5  10. Be2  Nh5
 11. g3  f5  12. Bxc5
 dxc5  13. Nd2  Nf6
 14. h4  h5  15. O-O-O
 Ng4  16. Rdf1  Bh6
 17. Kb1  Ra6  18. Qd3
 f4  19. gxf4  exf4
 20. f3  Ne5  21. Qc2
 Bg7  22. Qd1  Bd7
 23. Qe1  a4  24. a3
 Rff6  25. Kc2  Rfb6
 26. Qf2  Qf6  27. Rc1
 Qe7  28. Rhg1  Kh7
 29. Qh2  Qf6  30. Qf2
 Qf8  31. Kb1  Bf6
 32. Ka2  Ra8  33. Rc2
 Bg7  34. Rg5  Nf7
 35. Rg2  Bd4  36. Qe1
 Qg7  37. Rh2  Raa6
 38. Rh1  Qf6  39. Rh2
 Qg7  40. Rh1  Qf6
 41. Rh2  Ra8  42. Rh1
 Re8  43. Rh2  Ra6
 44. Rh1  Kg7  45. Rh2
 Raa8  46. Rh1  Kh7
 47. Rh2  c6  48. Qf1
 Nd6  49. Rh1  Qf7
 50. Bd3  Be5  1/2-1/2

[Event "TIPC 2012"]
[Site "Charleroi"]
[Date "2012.07.31"]
[Round "5.4"]
[White "Bomans, Arno"]
[Black "Noiroux, Kevin"]
[Result "1/2-1/2"]
[LiveChessVersion "1.4-u16"]
[BlackElo "2154"]
[WhiteElo "2245"]

1. d4  d6  2. c4  Nf6
 3. Nc3  e5  4. Nf3
 exd4  5. Nxd4  g6
 6. e4  Bg7  7. Be2
 O-O  8. O-O  Re8
 9. f3  Nbd7  10. Be3
 c6 1/2-1/2

[Event "TIPC 2012"]
[Site "Charleroi"]
[Date "2012.07.31"]
[Round "5.5"]
[White "Maes, Wim"]
[Black "Sclacmender, Julien"]
[Result "1/2-1/2"]
[LiveChessVersion "1.4-u16"]
[BlackElo "2223"]
[WhiteElo "2268"]

1. Nf3  Nf6  2. g3  g6
 3. Bg2  Bg7  4. O-O
 O-O  5. d3  c5 
6. e4  d6  7. Nbd2  Nc6
 8. c3  Nd7  9. Qe2
 Rb8  10. Re1  b5
 11. Nf1  b4  12. c4
 Nde5  13. Nxe5  1/2-1/2

[Event "TIPC 2012"]
[Site "Charleroi"]
[Date "2012.07.31"]
[Round "5.6"]
[White "Réal, Thibault"]
[Black "Rooze, Jan"]
[Result "0-1"]
[LiveChessVersion "1.4-u16"]
[BlackElo "2294"]
[WhiteElo "2010"]

1. e4  e6  2. d4  d5
 3. Nc3  Nf6  4. Bg5
 Bb4  5. e5  h6 
6. Bc1  Ne4  7. a3  Nxc3
 8. Qg4  Bf8  9. bxc3
 c5  10. Nf3  Qc7
 11. Bd2  Bd7  12. Bd3
 c4  13. Be2  Ba4
 14. Ra2  Nc6  15. Nh4
 O-O-O  16. f4  Qb6
 17. Kf2  g6  18. Rc1
 Be7  19. Nxg6  fxg6
 20. Qxe6+  Kb8  21. Qxg6
 Qa5  22. Rd1  Rdf8
 23. Bf3  Nd8  24. Qg7
 Qc7  25. Bxd5  Bh4+
 0-1

[Event "TIPC 2012"]
[Site "Charleroi"]
[Date "2012.07.31"]
[Round "5.7"]
[White "Wiley, Tom"]
[Black "Hawia, Thierry"]
[Result "1-0"]
[LiveChessVersion "1.4-u16"]
[BlackElo "2027"]
[WhiteElo "2283"]

1. d4  Nf6  2. c4  e5
 3. dxe5  Ng4  4. Bf4
 g5  5. Bg3  Nc6 
6. Nf3  Bg7  7. h4  h6
 8. hxg5  hxg5  9. Rxh8+
 Bxh8  10. e3  Ngxe5
 11. Nxe5  Bxe5  12. Bxe5
 Nxe5  13. Qh5  Qf6
 14. Nc3  Ng6  15. O-O-O
 d6  16. Nd5  Qd8
 17. Bd3  Be6  18. Bxg6
 Bxd5  19. cxd5  fxg6
 20. Qxg6+  Kd7  21. Qe6# 1-0

[Event "TIPC 2012"]
[Site "Charleroi"]
[Date "2012.07.31"]
[Round "5.8"]
[White "De Reymaeker, Walter"]
[Black "Le Quang, Kim"]
[Result "1/2-1/2"]
[LiveChessVersion "1.4-u16"]
[BlackElo "2282"]
[WhiteElo "1977"]

1. e4  c5  2. Nc3  Nc6
 3. Bb5  Nd4  4. Bc4
 e6  5. Nge2  Ne7
 6. O-O  Nec6  7. d3
 Be7  8. Nxd4  Nxd4
 9. f4  O-O  10. a4
 b6  11. e5  Bb7 
12. Ne4  d5  13. exd6  Bxd6
 14. c3  Nf5  15. Qe2
 Bc7  16. Bd2  Nd6
 17. Bb3  Qd7  18. Be1
 Rae8  19. Bg3  Nf5
 20. Rad1  Bd5  21. Bc2
 Qe7  22. Rde1  Rd8
 23. Rd1  Rd7  24. Rfe1
 Rfd8  25. Ng5  h6
 26. Nf3  Qf6  27. Ne5
 Bxe5  28. Qxe5  Qxe5
 29. Rxe5  Bc4  30. dxc4
 Rxd1+  31. Bxd1  Rxd1+
 32. Be1  Rb1  33. Re2
 Nd6  34. Kf2  Nxc4
 35. b4  Nb2  36. Rd2
 Nxa4  37. Rd8+  Kh7
 38. Rd7  Nb2  39. Ke2
 a5  40. Rxf7  a4
 41. bxc5  bxc5  42. Ra7
 Rc1  43. Kd2  Rd1+
 44. Ke2  Rd5  45. c4
 Nxc4  46. Bc3  h5
 47. Rxa4  Nd6  48. Ra7
 Nf5  49. Be5  Kg6
 50. Rc7  h4  51. Ra7
 Rd8  52. Rc7  Ra8
 53. Rxc5  h3  54. g4
 Ra2+  55. Kf3  Nh6
 56. Kg3  Rg2+  57. Kxh3
 Rxg4  58. Rc7  Kh7
 59. Re7  Rg6  60. Ra7
 Nf5  61. Ra3  Rg1
 62. Ra6  Rg6  1/2-1/2

[Event "TIPC 2012"]
[Site "Charleroi"]
[Date "2012.07.31"]
[Round "5.9"]
[White "Van Melkebeke, Willem"]
[Black "Van Mechelen, Jan"]
[Result "1/2-1/2"]
[LiveChessVersion "1.4-u16"]
[BlackElo "2247"]
[WhiteElo "1940"]

1. e4  c5  2. Nf3  d6
 3. d4  cxd4  4. Nxd4
 Nf6  5. Nc3  g6 
6. Be3  a6  7. Be2  Nbd7
 8. O-O  Bg7  9. Qd2
 b6  10. Rfd1  Bb7
 11. f3  O-O  12. Nb3
 Rc8  13. a4  Qc7
 14. Kh1  Ne5  15. Bh6
 Bxh6  16. Qxh6  Nc4
 17. Bxc4  Qxc4  18. Rd4
 Qc7  19. Rad1  Rfd8 1/2-1/2

[Event "TIPC 2012"]
[Site "Charleroi"]
[Date "2012.07.31"]
[Round "5.10"]
[White "Schuermans, Robert"]
[Black "Marte, Sébastien"]
[Result "1-0"]
[LiveChessVersion "1.4-u16"]
[BlackElo "1995"]
[WhiteElo "2202"]

1. e4  c5  2. Nf3  Nc6
 3. d4  cxd4  4. Nxd4
 e5  5. Nb5  a6 
6. Nd6+  Bxd6  7. Qxd6  Qf6
 8. Qa3  Qg6  9. f3
 d5  10. Nc3  Nd4
 11. Bb5+  axb5  12. Qxa8
 Nxc2+  13. Kd1  Nxa1
 14. Qxc8+  Ke7  15. Nxd5+
 Kd6  16. Be3 1-0

[Event "TIPC 2012"]
[Site "Charleroi"]
[Date "2012.07.31"]
[Round "5.11"]
[White "Henris, Luc"]
[Black "Vingerhoets, Luc"]
[Result "1-0"]
[LiveChessVersion "1.4-u16"]
[BlackElo "2015"]
[WhiteElo "2192"]

1. e4 d6 2. d4 Nf6 3. Nc3 g6 4. f4 Bg7 5. Nf3 c5 6. Bb5+ Bd7 7. e5 Ng4 8. Bxd7+
Qxd7 9. d5 dxe5 10. h3 e4 11. hxg4 exf3 12. Qxf3 Na6 13. Bd2 O-O-O 14. O-O-O Nb4
15. Ne4 Qa4 16. Bxb4 Qxb4 17. c3 Qa5 18. d6 e6 19. f5 Rd7 20. Kb1 Be5 21. fxe6
fxe6 22. Ng5 Qb6 23. Nf7 Rf8 24. Rxh7 Rfxf7 25. Rxf7 Rxd6 26. Rf8+ Kc7 27. Qf7+
1-0

[Event "TIPC 2012"]
[Site "Charleroi"]
[Date "2012.07.31"]
[Round "5.12"]
[White "Lacroix, Bruno"]
[Black "Roels, Frederik"]
[Result "1/2-1/2"]
[LiveChessVersion "1.4-u16"]
[BlackElo "1966"]
[WhiteElo "2183"]

1. f4 d5 2. Nf3 c5 3. e3 Nc6 4. Be2 Nf6 5. O-O e6 6. b3 Be7 7. Bb2 b6 8. Ne5 Bb7
9. Qe1 Rf8 10. a3 Nxe5 11. fxe5 Nd7 12. Qg3 g6 13. Bf3 Qc7 14. c4 O-O-O 15. cxd5
Bxd5 16. Bxd5 exd5 17. d4 f6 18. Nc3 fxe5 19. Nxd5 Qd6 20. Nxe7+ Qxe7 21. dxe5
Rxf1+ 22. Rxf1 Rf8 23. Rxf8+ Nxf8 24. Qf3 Nd7 25. Qa8+ Nb8 26. Qd5 Na6 27. Qa8+
Nb8 28. e4 c4 29. Qd5 cxb3 30. Qxb3 Qc5+ 31. Kf1 Nc6 32. Qc3 Qxc3 33. Bxc3 Kd7
1/2-1/2

[Event "TIPC 2012"]
[Site "Charleroi"]
[Date "2012.07.31"]
[Round "5.13"]
[White "Van Uytven, Eric"]
[Black "Porteman, Eric"]
[Result "1-0"]
[LiveChessVersion "1.4-u16"]
[BlackElo "1948"]
[WhiteElo "2151"]

1. d4 Nf6 2. c4 c5 3. d5 e6 4. Nc3 exd5 5. cxd5 d6 6. Nf3 g6 7. Bf4 Bg7 8. Qa4+
Bd7 9. Qb3 b5 10. Bxd6 Qb6 11. Be5 O-O 12. e3 c4 13. Qd1 Re8 14. Be2 Na6 15. a4
b4 16. Nb5 Rac8 17. Nd6 Qb7 1-0

[Event "TIPC 2012"]
[Site "Charleroi"]
[Date "2012.07.31"]
[Round "5.15"]
[White "Mastalerz, Xavier"]
[Black "Rousseau, Jean-François"]
[Result "1-0"]
[LiveChessVersion "1.4-u16"]
[BlackElo "1896"]
[WhiteElo "2144"]

1. Nf3 f5 2. e4 fxe4 3. Ng5 Nf6 4. d3 e3 5. Bxe3 d5 6. d4 Nc6 7. Bd3 Bg4 8. f3
Bh5 9. Ne6 Qd6 10. Bf5 Nd8 11. Bf4 Qb4+ 12. c3 Qxb2 13. Nxc7+ Kf7 14. Nxa8 e6 15.
Qc2 Qxa1 16. O-O Bb4 17. Be5 Nc6 18. cxb4 exf5 19. Nd2 Qxf1+ 20. Nxf1 Rxa8 21.
Ne3 Bg6 22. Qc5 Re8 23. f4 Kg8 24. b5 Nxe5 25. fxe5 Ne4 26. Qxd5+ Bf7 27. Qxb7
Nc3 28. Nxf5 Ne2+ 29. Kf2 Nxd4 30. Nxd4 Rxe5 31. Qxa7 1-0

[Event "TIPC 2012"]
[Site "Charleroi"]
[Date "2012.07.31"]
[Round "5.16"]
[White "Edwards, Geraint"]
[Black "Schneider, Hans-Peter"]
[Result "1/2-1/2"]
[LiveChessVersion "1.4-u16"]
[BlackElo "2130"]
[WhiteElo "1893"]

1. d4 d5 2. c4 e6 3. Nc3 c5 4. e3 Nf6 5. Nf3 Nc6 6. h3 cxd4 7. exd4 Be7 8. cxd5
Nxd5 9. Bd3 O-O 10. O-O Ncb4 11. Bb1 Nxc3 12. bxc3 Nd5 13. Qd3 Nf6 14. Bf4 b6 15.
Re1 Bb7 16. Ne5 Qd5 17. f3 Rfd8 18. Bc2 Qa5 19. Bb3 Bd5 20. c4 Bb7 21. Kh1 Bb4
22. Rec1 Ba3 23. Rc2 Bc5 24. Bd2 Bb4 25. Qe3 Bxd2 26. Rxd2 Qb4 27. Rad1 a5 28.
Qf4 a4 29. Bc2 Qe7 30. g4 b5 31. g5 Ne8 32. cxb5 Nd6 33. Nc6 Bxc6 34. bxc6 Rdc8
35. d5 exd5 36. Rxd5 Rxc6 37. Bxa4 Rca6 38. Rxd6 Rxa4 39. Qxa4 Rxa4 40. Rd8+ Qf8
41. Rxf8+ Kxf8 42. Rd2 Ke7 43. Re2+ Kd7 44. Kg2 Ra3 45. Kg3 Ra4 46. f4 Ra5 47.
Kg4 Ra4 48. h4 Ra3 49. h5 1/2-1/2

[Event "TIPC 2012"]
[Site "Charleroi"]
[Date "2012.07.31"]
[Round "5.17"]
[White "Werner, Ivan"]
[Black "De Strycker, Nathan"]
[Result "0-1"]
[LiveChessVersion "1.4-u16"]
[BlackElo "1884"]
[WhiteElo "2057"]

1. e4 e6 2. d4 d5 3. Nc3 Bb4 4. Qg4 Nf6 5. Qxg7 Rg8 6. Qh6 c5 7. e5 Rg6 8. Qe3
Ne4 9. Nge2 Nc6 10. a3 cxd4 11. Nxd4 Nxd4 12. Qxd4 Bc5 13. Qd3 Bxf2+ 14. Kd1 Bd7
15. Be3 Rc8 16. Nb5 Qa5 17. Nd6+ Nxd6 18. Bxf2 Bb5 19. Qd4 Ne4 20. Be1 Qa6 21.
Bxb5+ Qxb5 22. g3 Rc4 23. Qxa7 Qxb2 24. Rc1 Qxe5 25. Qa8+ Ke7 26. Qxb7+ Kf8 27.
Bb4+ Kg7 28. c3 Nf2+ 29. Kd2 Qe4 30. Rcf1 Rf6 31. Qe7 Qd3+ 32. Kc1 Rxb4 33. Qxb4
Qe2 34. Re1 Nd3+ 35. Kb1 Nxe1 0-1

[Event "TIPC 2012"]
[Site "Charleroi"]
[Date "2012.07.31"]
[Round "5.18"]
[White "Remy, Joël"]
[Black "Grillmaier, Philippe"]
[Result "1/2-1/2"]
[LiveChessVersion "1.4-u16"]
[BlackElo "1830"]
[WhiteElo "2048"]

1. d4 e6 2. Nf3 f5 3. Nc3 Nf6 4. Bg5 d5 5. Ne5 Be7 6. e3 O-O 7. Be2 c6 8. a3 Nbd7
9. f4 Nxe5 10. fxe5 Ng4 11. Bxe7 Qxe7 12. Bxg4 Qh4+ 13. g3 Qxg4 14. Qxg4 fxg4 15.
Rf1 Rxf1+ 16. Kxf1 b6 17. Kg2 Ba6 18. Re1 c5 1/2-1/2

[Event "TIPC 2012"]
[Site "Charleroi"]
[Date "2012.07.31"]
[Round "5.19"]
[White "Sterck, Arno"]
[Black "Callier, Christophe"]
[Result "0-1"]
[LiveChessVersion "1.4-u16"]
[BlackElo "2042"]
[WhiteElo "1796"]

1. e4 d5 2. exd5 Qxd5 3. Nc3 Qd6 4. d4 Nf6 5. Nf3 a6 6. Bc4 b5 7. Bb3 Bb7 8. Ne5
e6 9. O-O c5 10. Bf4 c4 11. Ng6 Qc6 12. d5 Nxd5 13. Nxd5 Qxd5 14. Qxd5 Bxd5 15.
Nxh8 cxb3 16. axb3 Nd7 17. Rad1 Nf6 18. Rfe1 Bc5 19. Bg5 Kf8 20. c4 Bc6 21. Re5
Bxf2+ 22. Kf1 Bb6 23. c5 Bc7 24. Bxf6 gxf6 25. Rh5 h6 26. Rxh6 Kg7 27. Nxf7 Rf8
28. Rd3 Rxf7 29. Rdh3 Kf8 30. Rh8+ Ke7 31. R3h7 Be8 32. h4 f5 33. Rxf7+ Bxf7 34.
b4 a5 35. Rc8 Kd7 36. Rxc7+ Kxc7 37. bxa5 b4 38. Ke2 e5 39. Kf3 Bd5+ 40. Kg3 Kd7
41. Kh3 Ke6 42. g4 fxg4+ 43. Kxg4 Kf6 44. h5 Be4 45. a6 Bd5 46. a7 Be4 47. h6 Kg6
48. h7 Kxh7 49. c6 Bxc6 50. Kf5 e4 51. Kf4 Kg6 52. Ke3 Kf5 53. b3 Ke5 54. Ke2 Kd4
55. Kd2 Ba8 56. Ke2 Kc3 57. Kd1 Kxb3 58. Kc1 Kc3 59. Kd1 b3 0-1